Elephants On Film Quiz Stats

 Plays Quiz Updated Jan 30, 2015

Also try: Animal Movies
Challenge
Share
Tweet
Score 0/16 Timer 04:00
3 Plays Today
Moive % Correct
Dumbo
99.4%
Ice Age
92.4%
Indiana Jones and the Temple Of Doom
84.4%
Aladdin
79.9%
The Jungle Book
78.1%
Horton Hears A Who!
77.7%
Ace Ventura: When Nature Calls
70.3%
Tarzan
67.1%
Moive % Correct
Babar: The Movie
65.1%
The Lord Of The Rings: The Two Towers
61.7%
Pooh's Heffalump Movie
53.6%
Water For Elephants
48.1%
Evan Almighty
46.2%
300
39%
Larger Than Life
5.2%
Earth
2.7%

You're not logged in!

Compare scores with friends on all Sporcle quizzes.
OR
Log In

You Might Also Like...

Show Comments

Extras

Top Quizzes Today


Score Distribution

Your Account Isn't Verified!

In order to create a playlist on Sporcle, you need to verify the email address you used during registration. Go to your Sporcle Settings to finish the process.

Report this User

Report this user for behavior that violates our Community Guidelines.

Details: